A key to Bonnycastle's introduction to mensuration (Record no. 114208)

MARC details
000 -LEADER
fixed length control field 00815cam a22001935a 4500
001 - CONTROL NUMBER
control field L156360
008 - FIXED-LENGTH DATA ELEMENTS--GENERAL INFORMATION
fixed length control field 120515s1837 xxk f 000 0 eng d
035 ## - SYSTEM CONTROL NUMBER
System control number (Sirsi) u156360
041 0# - LANGUAGE CODE
Language code of text/sound track or separate title eng
100 1# - MAIN ENTRY--PERSONAL NAME
Personal name Maynard, Samuel
Dates associated with a name 1790-1866
245 02 - TITLE STATEMENT
Title A key to Bonnycastle's introduction to mensuration
Remainder of title containing the solution to all questions in that work conformable to the present improved state of the science, with references to the problems, rules, and notes by which the solutions are obtained
Statement of responsibility, etc. by Samuel Maynard
260 ## - PUBLICATION, DISTRIBUTION, ETC.
Place of publication, distribution, etc. London
Name of publisher, distributor, etc. Longman & Co.
-- T. Cadell
-- J. Richardson
Date of publication, distribution, etc. 1837
300 ## - PHYSICAL DESCRIPTION
Extent xii, 121 p.
Dimensions 18 cm.
583 ## - ACTION NOTE
Action Condition reviewed
Time/date of action 20120620
Status condition level 1
651 #4 - SUBJECT ADDED ENTRY--GEOGRAPHIC NAME
Geographic name Great Britain
Chronological subdivision 1707-
690 ## - LOCAL SUBJECT ADDED ENTRY--TOPICAL TERM (OCLC, RLIN)
Topical term or geographic name as entry element Measurement
9 (RLIN) 6256
700 1# - ADDED ENTRY--PERSONAL NAME
Personal name Bonnycastle, John
Dates associated with a name 1750?-1821
942 ## - ADDED ENTRY ELEMENTS (KOHA)
Suppress in OPAC 0
Holdings
Withdrawn status Lost status Source of classification or shelving scheme Damaged status Not for loan Home library Current library Shelving location Date acquired Total Checkouts Full call number Barcode Date last seen Copy number Price effective from Koha item type
    Dewey Decimal Classification     Historic collection Historic collection Historic collection 15/05/2012   OCTAVO 1837 MAYNARD 30076743 06/08/2019 1 06/08/2019 Book